| 000 | 01575cam a2200373 i 4500 | ||
|---|---|---|---|
| 001 | 75042 | ||
| 003 | BD-RjUL | ||
| 005 | 20211209082633.0 | ||
| 008 | 190113s2013 bg b 001 0 beno | ||
| 020 | _a9789849041740 | ||
| 025 | _aB-B-2013-331395; 21-90 | ||
| 035 | _a(BD-RjUL)75260 | ||
| 037 | _bLibrary of Congress -- New Delhi Overseas Office | ||
| 040 |
_aDLC _bben _erda _cDLC _dDLC _dBD-RjUL |
||
| 041 | 0 |
_aben _aeng |
|
| 042 |
_alcode _apcc |
||
| 043 | _aa-bg--- | ||
| 082 |
_223 _a954.92051 _bKHM 2013 |
||
| 100 | 0 |
_aখাতুন, খোদেজা _9226907 |
|
| 245 | 1 | 0 |
_aমুক্তিযুদ্ধে বাঙালি বুদ্ধিজীবীদের ভূমিকা / _cখোদেজা খাতুন |
| 264 | 1 |
_aঢাকা : _bসুবর্ণ, _c২০১৩ |
|
| 300 |
_a২৪৭ পৃ, [ ১ ] ; _c২২ সেমি. |
||
| 336 |
_atext _btxt _2rdacontent |
||
| 337 |
_aunmediated _bn _2rdamedia |
||
| 338 |
_avolume _bnc _2rdacarrier |
||
| 504 | _aগ্রন্থাগারিক রেফারেন্স এবং সূচী অন্তর্ভুক্ত। | ||
| 520 | _aArticles on the role and participation of intellectuals from Bangladesh in 1971 liberation movement. | ||
| 651 | 0 |
_aBangladesh _xIntellectual life _y20th century. _9226908 |
|
| 651 | 0 |
_aবাংলাদেশ _xবুদ্ধিজীবীদের জীবন _y২0 শতক। _9226909 |
|
| 942 |
_2ddc _cBK |
||
| 999 |
_c75042 _d75042 |
||